O Ewigkeit, du Donnerwort (Dialogus) : BWV 60 : Kantate zum 24. Sonntag nach Trinitatis /

Bibliographic Details
Main Author: Bach, Johann Sebastian, 1685-1750
Other Authors: Kubik, Reinhold, Horn, Paul, 1922-2016, Lunn, Jean
Format: Musical Score Book
Language:German
Published: Neuhausen-Stuttgart : Hänssler-Verlag, [1982]
Series:Bach, Johann Sebastian, 1685-1750. Cantatas.
Subjects:

MARC

Tag First Indicator Second Indicator Subfields
LEADER 00000ccm a2200000Ma 4500
001 in00002017739
005 20181201063602.0
008 890720s1982 gw cta n ger d
028 3 2 |a HE 31.060/01  |b Hänssler 
035 |a (OCoLC)ocm20267156 
040 |a DRB  |c DRB  |d OCL  |d OCLCQ  |d TXA  |d UtOrBLW 
041 1 |a ger  |h eng 
045 2 |a v0v5 
048 |a vc01  |a vd01  |a vf01  |a ca  |a oa 
049 |a TXAM 
090 |a M2020.B13  |b BWV 60 1982b 
100 1 |a Bach, Johann Sebastian,  |d 1685-1750. 
245 1 0 |a O Ewigkeit, du Donnerwort (Dialogus) :  |b BWV 60 : Kantate zum 24. Sonntag nach Trinitatis /  |c Johann Sebastian Bach ; herausgegeben von Reinhold Kubik. 
264 1 |a Neuhausen-Stuttgart :  |b Hänssler-Verlag,  |c [1982] 
264 4 |c [©1982] 
300 |a 1 score (59 pages) ;  |c 21 cm. 
336 |a notated music  |b ntm  |2 rdacontent 
337 |a unmediated  |b n  |2 rdamedia 
338 |a volume  |b nc  |2 rdacarrier 
490 1 |a Die Bach Kantate 
500 |a For solo voices (ATB), chorus (SATB), and orchestra. 
500 |a English and German words. 
500 |a Figured bass realized for keyboard instrument by Paul Horn. 
500 |a English translation by Jean Lunn. 
500 |a Duration: approximately 18 min. 
650 0 |a Cantatas, Sacred  |v Scores. 
700 1 2 |a Bach, Johann Sebastian,  |d 1685-1750.  |t O Ewigkeit, du Donnerwort (Dialogus) (Cantata).  |l English. 
700 1 2 |a Bach, Johann Sebastian,  |d 1685-1750.  |t O Ewigkeit, du Donnerwort (Dialogus) (Cantata).  |l German. 
700 1 |a Kubik, Reinhold. 
700 1 |a Horn, Paul,  |d 1922-2016. 
700 1 |a Lunn, Jean. 
800 1 |a Bach, Johann Sebastian,  |d 1685-1750.  |t Cantatas.  |k Selections (Bach Kantate) 
994 |a E0  |b TXA 
948 |a cataloged  |b h  |c 2004/12/2  |d c  |e bhartsfi  |f 11:59:57 am 
999 |a MARS 
999 f f |s 3b980a98-6745-3c77-beab-ed3900988e3d  |i b08d468e-96ff-34a0-8486-8bc532c47837  |t 0 
952 f f |p ric  |a Texas A&M University  |b Rellis Campus  |c Joint Library Facility  |d Remote Storage  |t 0  |e M2020.B13 BWV 60 1982b  |h Library of Congress classification  |i unmediated -- volume  |m A14831647298 
998 f f |a M2020.B13 BWV 60 1982b  |t 0  |l Remote Storage